Statistiques concernant Culture Générale - Série 2420

Cliquez ici pour prendre le quiz!

Statistiques générales

  • Ce quiz a été pris 126 fois
  • Le résultat moyen est 5 sur 10

Statistiques - réponses

QuestionRéponse% Correct
La morsure de quel insecte peut-elle provoquer la maladie de Lyme ? voir phototique
89%
Qui a écrit et chanté "L'aigle noir" en 1970 ?Barbara
84%
Quel carburant porte le nom d'un ingénieur franco-allemand ?diesel
76%
Quelle comète, aperçue pour la dernière fois en 1986, n'est visible de la Terre que tous les 75 ans ?Halley
67%
Quel est le nom usuel de l'oxyde de fer ?rouille
66%
Quel fleuve traverse Rome ?Tibre
65%
Quel instrument mesure la vitesse du vent ?anémomètre
43%
De quel pays est originaire la danse mazurka ?Pologne
41%
Quel animal est étudié par le myrmécologue ?fourmi
12%
Qu'est-ce qu'un kéa ?perroquet
6%

Distribution des résultats

Percentile par nombre de réponses

% des personnes avec chaque résultat

Votre développement - résultats

Vous n’avez pas pris ce quiz